Islamic economics : Theory and practice
| Main Author: | |
|---|---|
| Format: | Book |
| Published: |
Delhi :
Idarah-I Ada biyati-I Delhi ,
1970
|
| Series: | Religious
|
| Subjects: |
MARC
| LEADER | 00000cam a2200000 7i4500 | ||
|---|---|---|---|
| 001 | 0000002651 | ||
| 005 | 20050627.0 | ||
| 040 | |a INS | ||
| 090 | 0 | 0 | |a BP173.75. |b M36 1970 |
| 100 | 1 | |a M.A Mannan | |
| 245 | 1 | 0 | |a Islamic economics : |b Theory and practice |c M.A. Mannan |
| 260 | |a Delhi : |b Idarah-I Ada biyati-I Delhi , |c 1970 | ||
| 300 | |a xiip : |b 386p ; |c 21cm. | ||
| 440 | 0 | |a Religious |x Philosophy no 25 | |
| 650 | 0 | 0 | |a Islam and economics |
| 999 | |a 0000000019 |b BOOK |c Open Shelf |e Default branch | ||